Constitución, ley fundamental, de la Unión de Repúblicas Socialistas Soviéticas : aprobada en la séptima sesión extraordinaria del Soviet Supremo de la URSS de la novena legislatura 7 de octubre de 1977 /

Shranjeno v:
Bibliografske podrobnosti
Korporativna značnica: Rusia
Format: Knjiga
Jezik:španščina
Izdano: Moscú, Rusia : Progreso, 1977, c1977
Teme:
Oznake: Označite
Brez oznak, prvi označite!

MARC

LEADER 00000nam^a2200000^a^4500
001 000182212
005 20250521000000.0
009 20260310102000.313
037 |a Acervo ITESO - Biblioteca 
041 |a ESP 
082 |a 342. 47  |b RUS 1977 
110 |a Rusia 
240 1 1 |a [Constitución, ley fundamental, de la Unión de Repúblicas Socialistas Soviéticas] 
245 1 0 |a Constitución, ley fundamental, de la Unión de Repúblicas Socialistas Soviéticas :  |b aprobada en la séptima sesión extraordinaria del Soviet Supremo de la URSS de la novena legislatura 7 de octubre de 1977 / 
264 4 |a Moscú, Rusia :  |b Progreso,  |c 1977, c1977 
300 |a 71 p. 
336 |a texto  |b txt  |2 rdacontenido 
337 |a sin mediación  |b n  |2 rdamedio 
338 |a volumen  |b nc  |2 rdasoporte 
649 |a XX 
650 |a Constitucion, 1977 -  |z Rusia 
650 |a Derecho Constitucional -  |z Rusia 
650 |a Derecho Público -  |z Rusia 
910 |a Fondo General 
920 |a Impresos - Libros 
930 |a Colección General 
905 |a 101 
901 |a 0500122247  |b IT1  |c ACC  |u 20250521 
902 |a https://opac.biblio.iteso.mx/vufind/Record/000182212